Excel hsc standard english / (Record no. 10527)
[ view plain ]
| 000 -LEADER | |
|---|---|
| fixed length control field | 00428nam a2200133 a 4500 |
| 100 1# - MAIN ENTRY--AUTHOR NAME | |
| Personal name | Hewes, Bianca |
| 245 10 - TITLE STATEMENT | |
| Title | Excel hsc standard english / |
| 260 ## - PUBLICATION, DISTRIBUTION, ETC. (IMPRINT) | |
| Place of publication | [Global] : |
| Name of publisher | Pascal Press, |
| Year of publication | 2010. |
| 300 ## - PHYSICAL DESCRIPTION | |
| Number of Pages | 391 P; |
| 856 40 - ELECTRONIC LOCATION AND ACCESS | |
| Uniform Resource Identifier | http://www.amazon.com/exec/obidos/ASIN/B002P2Q5B4/chopaconline-20 |
| Withdrawn status | Lost status | Home library | Current library | Date acquired | Full call number | Accession Number | Koha item type |
|---|---|---|---|---|---|---|---|
| Central Library, QUEST, Nawabshah | Central Library, QUEST, Nawabshah | 29/09/2014 | HEW | D1213 | Books |